000 00444cam a2200181ua 4500
001 3368
008 111019n ii |||gr||||Z||||||asm
040 _cMAIN
082 _a891.4513
100 1 _aTerang, Rong Bong,
245 1 1 _aRang milir hanhi
_cby Rong Bong Terang
250 _a2nd.
260 _aGuahati:
_bPublication board assam,993.
300 _a216p:
_c23cm.
653 _aAssamese novel
653 _aRang milir hanhi
942 _cBK
999 _c3213
_d3213